| 000 | 00771cam a22002293a 4500 | ||
|---|---|---|---|
| 001 | 2389 | ||
| 003 | PGUSA | ||
| 005 | 20140828083014.0 | ||
| 008 | 001101s2000||||xxu|||||s|||||000 1 eng d | ||
| 040 |
_aPGUSA _beng |
||
| 042 | _adc | ||
| 050 | 4 | _aPR | |
| 100 | 1 |
_aSabatini, Rafael, _d1875-1950 |
|
| 245 | 1 | 0 |
_aBardelys the Magnificent : _bBeing an account of the strange wooing pursued by the Sieur Marcel de Saint-Pol, marquis of Bardelys... _h[electronic resource] / _cRafael Sabatini |
| 260 |
_bProject Gutenberg, _c2000 |
||
| 506 | _aPublic domain in the USA. | ||
| 516 | _aElectronic text | ||
| 653 | _aFrance -- History -- Louis XIII, 1610-1643 -- Fiction | ||
| 830 | 0 |
_aProject Gutenberg _v2389 |
|
| 856 | 4 | 0 | _uhttp://www.gutenberg.org/ebooks/2389 |
| 942 | _cEB | ||
| 999 |
_c231726 _d231726 |
||